000 00295nam a2200133Ia 4500
005 20251222155210.0
008 251222s9999||||xx |||||||||||||| ||spa||
082 _aREL.84
100 _aKAISER Federico.
245 0 _aVamos a Jesús
250 _a1ra. ed.
264 _bNo tiene
942 _cLIB
999 _c40282
_d40282